The Collected Writings of Samson Occom, Mohegan : (Record no. 580236)

MARC details
000 -LEADER
fixed length control field 00523nam a2200193 a 4500
008 - FIXED-LENGTH DATA ELEMENTS--GENERAL INFORMATION
fixed length control field 250811s2006##################000#0#eng##
020 ## - INTERNATIONAL STANDARD BOOK NUMBER
ISBN 9780195170832
082 04 - DEWEY DECIMAL CLASSIFICATION NUMBER
Classification number 974.004973092
Item number BRO
100 1# - MAIN ENTRY--AUTHOR NAME
Personal name Occom, Samson,
245 10 - TITLE STATEMENT
Title The Collected Writings of Samson Occom, Mohegan :
260 ## - PUBLICATION, DISTRIBUTION, ETC. (IMPRINT)
Name of publisher Oxford University Press,
Year of publication 2006.
300 ## - PHYSICAL DESCRIPTION
Number of Pages 474 pages
650 #0 - SUBJECT ADDED ENTRY--TOPICAL TERM
Topical Term Biography & Autobiography.
942 ## - ADDED ENTRY ELEMENTS (KOHA)
Koha item type English Books
Holdings
Withdrawn status Lost status Damaged status Not for loan Home library Current library Shelving location Date acquired Full call number Accession Number Price effective from Koha item type
        Anna Centenary Library Anna Centenary Library 7TH FLOOR, B WING 11.08.2025 974.004973092 BRO 140894 11.08.2025 English Books

Find us on the map